00551cam a22001812 4500001001100000005001700011008004100028020001400069040001500083100003400098245010900132250001300241260003600254300001200290700003300302700003100335852000300366000000963420151217160121.0081114s xx 000 0 eng d a070445699 aKABUcKABU1 aMacGregor, Ellen.@000000977410aMiss Pickerell and the weather satellite /cby Ellen MacGregor and Dora Pantell; illus. by Charles Geer. a1st ed. aNew York :bMcGraw-Hill,c1971. a159 p.1 aPantell, Dora F.@00000142261 aGeer, Charles.@00001613721